000 00693nam a2200229Ii 4500
003 JO-AjNU
008 230605s9999||||xx |||||||||||||| ||und||
017 _a2006/2/374
020 _a9957-02-229-6
040 _aJO-AjNU
_bara
_erda
_cJO-AjNU
041 _aara
050 1 4 _aBP173.4 2006
100 3 _aأبو عين، كوثر محمود,
_eauthor
_97870
245 0 0 _aالمرأة في الإسلام
250 _aط1
264 3 1 _aعمان: دار مجدلاوي للنشر والتوزيع، 2006
300 _a95ص
336 _atext
_btxt
_2rdacontent
337 _aunmediated
_bn
_2rdamedia
338 _avolume
_bnc
_2rdacarrier
650 4 _aالمرأة في الإسلام
_97871
999 _aA498
_c4066
_d4066